|
|
|
|
| LEADER |
00656nam a22001937a 4500 |
| 020 |
|
|
|a 9781107600003
|
| 082 |
|
|
|a 327.94
|b INT
|
| 245 |
|
|
|a Introduction to international relations
|
| 250 |
|
|
|a 2nd.
|
| 260 |
|
|
|a Cambridge
|b Cambridge University Press
|c 2012
|
| 300 |
|
|
|a 560p.
|
| 650 |
|
|
|a International Relations
|
| 650 |
|
|
|a Australia-foreign Relations
|
| 700 |
|
|
|a Devetak,Rchard
|
| 700 |
|
|
|a Burke,Anthony
|
| 700 |
|
|
|a George,Jim
|
| 942 |
|
|
|c BK
|
| 999 |
|
|
|c 36262
|d 36262
|
| 952 |
|
|
|0 0
|1 0
|4 0
|6 327_940000000000000_INT
|7 0
|8 Stack
|9 38371
|a KUCL
|b KUCL
|c Stack
|d 2015-11-28
|l 1
|m 1
|o 327.94 INT
|p 35606
|r 2018-12-31
|s 2018-10-20
|w 2015-11-28
|y BK
|